<?xml version="1.0" encoding="UTF-8"?>
<record
    xmlns:xsi="http://www.w3.org/2001/XMLSchema-instance"
    xsi:schemaLocation="http://www.loc.gov/MARC21/slim http://www.loc.gov/standards/marcxml/schema/MARC21slim.xsd"
    xmlns="http://www.loc.gov/MARC21/slim">

  <leader>03547cam a22003015a 4500</leader>
  <controlfield tag="001">8864337</controlfield>
  <controlfield tag="005">20160907141135.0</controlfield>
  <controlfield tag="008">110419t2012    paua   frb    001 0 eng d</controlfield>
  <datafield tag="020" ind1=" " ind2=" ">
    <subfield code="a">9780323066419</subfield>
  </datafield>
  <datafield tag="020" ind1=" " ind2=" ">
    <subfield code="a">0323066410</subfield>
  </datafield>
  <datafield tag="040" ind1=" " ind2=" ">
    <subfield code="a">DNLM/DLC</subfield>
    <subfield code="c">DLC</subfield>
    <subfield code="d">YDX</subfield>
    <subfield code="d">BTCTA</subfield>
    <subfield code="d">YDXCP</subfield>
    <subfield code="d">NLM</subfield>
    <subfield code="d">JAA</subfield>
    <subfield code="d">EG-ScBUE</subfield>
    <subfield code="b">eng</subfield>
  </datafield>
  <datafield tag="082" ind1="0" ind2="4">
    <subfield code="a">617.643</subfield>
    <subfield code="2">22</subfield>
    <subfield code="b">ORT</subfield>
  </datafield>
  <datafield tag="245" ind1="0" ind2="0">
    <subfield code="a">Orthodontics :</subfield>
    <subfield code="b">current principles and techniques /</subfield>
    <subfield code="c">edited by Lee W. Graber, Robert L. Vanarsdall, Katherine W. L. Vig.</subfield>
  </datafield>
  <datafield tag="250" ind1=" " ind2=" ">
    <subfield code="a">5th ed.</subfield>
  </datafield>
  <datafield tag="260" ind1=" " ind2=" ">
    <subfield code="a">Philadelphia :</subfield>
    <subfield code="b">Elsevier / Mosby,</subfield>
    <subfield code="c">c.2012.</subfield>
  </datafield>
  <datafield tag="300" ind1=" " ind2=" ">
    <subfield code="a">xii, 1092 p. :</subfield>
    <subfield code="b">ill. (some col.) ;</subfield>
    <subfield code="c">29 cm.</subfield>
  </datafield>
  <datafield tag="500" ind1=" " ind2=" ">
    <subfield code="a">Index : p. 1075-1092.</subfield>
  </datafield>
  <datafield tag="504" ind1=" " ind2=" ">
    <subfield code="a">Includes bibliographical references.</subfield>
  </datafield>
  <datafield tag="505" ind1="8" ind2=" ">
    <subfield code="a">The decision-making process in orthodontics / James L. Ackerman, Tung Nguyen, William R. Proffit -- Special considerations in diagnosis and treatment planning / David M. Sarver, Mark Yanosky -- Psychological aspects of orthodontics / Leslie Will -- Craniofacial imaging in orthodontics / James K. Mah, David Hatcher, William E. Harrell -- Genetics and orthodontics / James K. Hartsfield -- The upper airway and craniofacial morphology / Brian Preston -- Orthodontic therapy and the temporomandibular disorder patient / Jeffrey P. Okeson, Kazumi Ikeda -- Craniofacial growth and development: evidence-based perspectives/ David S. Carlson, Peter H. Buschang -- Tissue reactions in orthodontics / Birgit Thilander -- Bone physiology, metabolism, and biomechanics in orthodontic practice / W. Eugene Roberts -- Application of bioengineering to clinical orthodontics/ Charles J. Burstone -- Biomechanical considerations with temporary anchorage devices / Young-Chel Park, Jung Kook Kim, Jong Suk Lee -- Interceptive guidance of occlusion with emphasis on diagnosis / Jack G. Dale, Hali C. Dale -- Optimizing orthodontic and dentofacial orthopedic treatment timing / James A. McNamara, Laurie McNamara, Lee W. Graber -- Standard edgewise: Tweed-Merrifield philosophy: diagnosis treatment planning, and force systems / James L. Vaden, Herbert A. Klontz, Jack G. Dale -- Contemporary treatment mechanics using the straight wire appliance / Antonino G. Secchi, Jorge Ayala -- Self-ligating brackets: theory, practice, and evidence / Nigel Harradine -- Lingual orthodontics with completely customized appliances / Dirk Wiechmann -- Clear aligner treatment / David E. Paquette -- Integrating digital and robotic technologies: diagnosis, treatment planning, and therapeutics / Rohit C.L. Sachdeva -- Bonding in orthodontics / Bj&#xF6;rn U. Zachrisson, Tamer B&#xFC;y&#xFC;kyilmaz -- Non-extraction treatment / Norman M. Cetlin, Raffaele Spena, Robert L. Vanarsdall -- Periodontal-orthodontic interrelationships / Robert L. Vanarsdall, Jr., Antonino G. Secchi -- Adult interdisciplinary therapy: diagnosis and treatment / Robert L. Vanarsdall, David R. Musich -- Orthodontic aspects of orthognathic surgery / David R. Musich, Peter D. Chemello -- The orthodontist's role in a cleft palate-craniofacial team / Katherine W.L. Vig, Ana M. Mercado -- Stability, retention, and relapse / Donald R. Joondeph -- Dental materials in orthodontics / Theodore Eliades -- Searching for evidence for clinical practice / David Turpin, Greg Huang -- Lasers in orthodontics / Stephen Tracey, Antonio Gracco.</subfield>
  </datafield>
  <datafield tag="650" ind1=" " ind2="0">
    <subfield code="a">Orthodontics.</subfield>
    <subfield code="2">BUEsh</subfield>
  </datafield>
  <datafield tag="651" ind1=" " ind2=" ">
    <subfield code="2">BUEsh</subfield>
  </datafield>
  <datafield tag="653" ind1=" " ind2=" ">
    <subfield code="b">DDent</subfield>
    <subfield code="c">September2016</subfield>
  </datafield>
  <datafield tag="700" ind1="1" ind2=" ">
    <subfield code="a">Graber, Lee W.,</subfield>
    <subfield code="e">editor.</subfield>
  </datafield>
  <datafield tag="700" ind1="1" ind2=" ">
    <subfield code="a">Vanarsdall, Robert L.,</subfield>
    <subfield code="e">editor.</subfield>
  </datafield>
  <datafield tag="700" ind1="1" ind2=" ">
    <subfield code="a">Vig, Katherine W. L.,</subfield>
    <subfield code="e">editor.</subfield>
  </datafield>
  <datafield tag="942" ind1=" " ind2=" ">
    <subfield code="2">ddc</subfield>
  </datafield>
  <datafield tag="999" ind1=" " ind2=" ">
    <subfield code="c">22327</subfield>
    <subfield code="d">22299</subfield>
  </datafield>
  <datafield tag="952" ind1=" " ind2=" ">
    <subfield code="0">0</subfield>
    <subfield code="1">0</subfield>
    <subfield code="2">ddc</subfield>
    <subfield code="4">0</subfield>
    <subfield code="7">0</subfield>
    <subfield code="8">Al-Dar AlA</subfield>
    <subfield code="a">MAIN</subfield>
    <subfield code="b">MAIN</subfield>
    <subfield code="c">1ST</subfield>
    <subfield code="d">2016-09-07</subfield>
    <subfield code="e">Purchase</subfield>
    <subfield code="g">2000.00</subfield>
    <subfield code="h">0000479</subfield>
    <subfield code="l">2</subfield>
    <subfield code="m">1</subfield>
    <subfield code="o">617.643 ORT</subfield>
    <subfield code="p">000033570</subfield>
    <subfield code="q">2020-11-11</subfield>
    <subfield code="r">2020-10-12 00:00:00</subfield>
    <subfield code="s">2020-10-12</subfield>
    <subfield code="v">2500.00</subfield>
    <subfield code="y">BB</subfield>
  </datafield>
</record>
